MARC

LEADER 00000nam0a2200000 4500
001 323473
005 20231102003555.0
035 |a (RuTPU)RU\TPU\book\349060 
090 |a 323473 
100 |a 20161020d1912 m y0rusy50 ca 
101 0 |a rus 
102 |a RU 
105 |a c z 000zb 
200 1 |a Григорий Саввич Сковорода. Жизнь и учение  |f В. Ф. Эрн 
210 |a Москва  |c Путь  |c Товарищество типографии А. И. Мамонтова  |d 1912 
215 |a 343 с.  |c портр. 
225 1 |a Русские мыслители 
300 |a Текст в русской дореформенной орфографии 
316 |5 63413507: М-132137  |a Штамп книжного магазина М. О. Вольфа 
317 |5 63413507: М-132137  |a Поступила в НТБ в 1970 г. в составе книжного собрания профессора ТПИ И. Н. Бутакова 
512 1 |a Г. С. Сковорода 
600 1 |a Сковорода  |g Григорий Саввич  |f 1722-1794  |c украинский философ  |c педагог  |c поэт  |b Г. С.  |2 stltpush  |3 (RuTPU)RU\TPU\pers\967 
606 1 |a Русская философия  |x История  |2 stltpush  |3 (RuTPU)RU\TPU\subj\26377  |9 50319 
610 1 |a 18 век 
610 1 |a религиозная философия 
610 1 |a украинская философия 
610 1 |a философы 
610 1 |a экслибрисы 
610 1 |a библиотека И. Н. Бутакова 
686 |a Ю3(2)1/6  |v LBC/SL-A  |2 rubbk 
700 1 |a Эрн  |b В. Ф.  |c русский религиозный философ  |f 1882-1917  |g Владимир Францевич  |2 stltpush  |3 (RuTPU)RU\TPU\pers\648  |9 299 
801 1 |a RU  |b 63413507  |c 20161020 
801 2 |a RU  |b 63413507  |c 20190723  |g RCR 
942 |c BK